000
00317nam a2200109Ia 4500
008
180205s9999 xx 000 0 und d
020
_a
9710830724
100
_a
Tomeldan, Yolanda V.
245
_a
PRISM :
_b
an introduction to literature
260
_a
Mandaluyong City
_b
National book store
_c
1986
300
_a
v,793 pages
999
_c
354687
_d
354687